Gminy w powiecie raciborskim i gliwickim - Statystyki

Ogólne statystyki
  • Ten quiz został rozwiązany 52 razy
  • Średni wynik to 7 z 16
Statystyki odpowiedzi
Powiaty Typ gminy Odpowiedź % Poprawnych
Raciborski miejska Racibórz
85%
miejsko-wiejska Kuźnia Raciborska
60%
miejsko-wiejska Sośnicowice
55%
wiejska Nędza
53%
Gliwicki miejska Knurów
50%
miejsko-wiejska Krzanowice
50%
wiejska Krzyżanowice
50%
miejska Pyskowice
50%
wiejska Kornowac
43%
wiejska Rudnik
43%
miejsko-wiejska Toszek
43%
wiejska Pietrowice Wielkie
35%
wiejska Gierałtowice
33%
wiejska Rudziniec
30%
wiejska Pilchowice
28%
wiejska Wielowieś
28%
Nie znaleziono quizów pasujących do podanych kryteriów
Rozkład punktacji
Procent ludzi z każdym wynikiem
Percentyl według liczby udzielonych odpowiedzi
Twoja historia wyników
Nie rozwiązałeś tego quizu